Free hand drafting for technical sketching (Record no. 3367)

000 -LEADER
fixed length control field 00436nam a22001577a 4500
008 - FIXED-LENGTH DATA ELEMENTS--GENERAL INFORMATION
fixed length control field 200609b ||||| |||| 00| 0 eng d
082 00 - DEWEY DECIMAL CLASSIFICATION NUMBER
Classification number 744.4
Item number Z79
100 ## - MAIN ENTRY--PERSONAL NAME
9 (RLIN) 2813
Personal name Zipprich, A. E.
245 10 - TITLE STATEMENT
Title Free hand drafting for technical sketching
250 ## - EDITION STATEMENT
Edition statement 3rd ed.
260 ## - PUBLICATION, DISTRIBUTION, ETC. (IMPRINT)
Place of publication, distribution, etc New York
Name of publisher, distributor, etc D. Van Nostrand company; INC
Date of publication, distribution, etc 1956
300 ## - PHYSICAL DESCRIPTION
Extent ix,176p.
365 ## - TRADE PRICE
Unit of pricing 18.90
650 #0 - SUBJECT ADDED ENTRY--TOPICAL TERM
Topical term or geographic name as entry element Geometrical Drawing
942 ## - ADDED ENTRY ELEMENTS (KOHA)
Item type Books
Holdings
Withdrawn status Lost status Source of classification or shelving scheme Damaged status Not for loan Permanent location Current location Date acquired Source of acquisition Full call number Barcode Date last seen Koha item type
          IMU Kolkata IMU Kolkata 1958-03-01 E. W. Steves 744.4 Z79 02399 2020-06-09 Books
Designed and Maintained by IMU-KC Library, Kolkata Campus © Copyright All Rights Reserved

webs counters

Powered by Koha